000 00246nam a2200097Ia 4500
008 220204s9999 xx 000 0 und d
082 _a534.31
_bSYM
245 0 _aSymposium on transducer technology
260 _aBangalore
_bINSDOC
_c1975
942 _cBK
999 _c24097
_d24097